000 01592nam0a2200325 4500
001 RU\NLR\bibl\1177441
005 20250615091258.0
010 _a5-02-031905-8
_91000
035 _a(NLR Aleph) 001164079
090 _a1555867
_c1555867
100 _a20080121d2003 |||y0rusy50 ca
101 0 _arus
_deng
102 _aRU
105 _ac |||||||||
200 1 _aУ истоков демократических традиций в российской науке
_eочерки истории русско-немецких научных связей
_fВ.И. Турнаев
_gотв. ред. - д.ист.н., проф., засл. деят. науки Рос. Федерации, д.чл. Рос. акад. социал. наук Б.Г. Могильницкий
_gМ-во образования Рос. Федерации, Кузбас. гос. пед. акад.
210 _aНовосибирск
_cНаука
_d2003
215 _a197, [2] с.
_cпортр.
_d22
300 _aВ конце кн. авт.: Турнаев В.И., к.ист.н., доц.
300 _aРез. на англ. яз.
320 _aБиблиогр. и библиогр. в примеч.: с. 150-189
320 _aУказ. имен: с. 191-197
606 1 _aНаука
_xИстория
_yРоссия
_z18 в.
_92508484
_3RU\NLR\auth\661487257
686 _aЧ213(2)
700 1 _aТурнаев
_bВ. И.
_f1952-
_gВалерий Иванович
_4070
801 0 _aRU
_bNLR
_c20080121
_gRCR
801 1 _aRU
_bNLR
_c20080121
830 _aавт. по кн.
942 _cBOOK
980 _aNB